Most-Visited Countries by Angela Merkel - Statistics

General Stats
  • This quiz has been taken 395 times
  • The average score is 21 of 25
Answer Stats
# of Visits Country % Correct
54 France
98%
16 United Kingdom
98%
19 United States
98%
85 Belgium
96%
19 Russia
96%
11 China
95%
20 Italy
95%
18 Poland
95%
6 Spain
95%
5 Austria
94%
5 Netherlands
94%
4 Canada
93%
4 Japan
93%
11 Switzerland
92%
4 Denmark
90%
5 Portugal
85%
10 Turkey
85%
5 Czech Republic
83%
4 Luxembourg
81%
4 Brazil
80%
4 Finland
73%
4 Slovakia
71%
6 Israel
64%
5 Vatican City
58%
4 United Arab Emirates
43%
No matching quizzes found
Score Distribution
Percent of People with Each Score
Percentile by Number Answered
Your Score History
You have not taken this quiz